|
|
|
|
| LEADER |
00941nam a2200253 a 4500 |
| 001 |
13975 |
| 003 |
BD-DhAAL |
| 008 |
090406s1993 enk 00 eng d |
| 999 |
|
|
|c 86
|d 86
|
| 010 |
|
|
|a gb 92046766
|
| 020 |
|
|
|a 0745012426 (cased)
|
| 020 |
|
|
|a 0745012434 (pbk) :
|
| 040 |
|
|
|a UKM
|c UKM
|d EQF
|d BD-DhAAL
|
| 082 |
|
|
|a 149.97
|2 22
|
| 245 |
0 |
0 |
|a Postmodernism :
|b a reader /
|c edited and introduced by Thomas Docherty.
|
| 260 |
|
|
|a New York ;
|a London :
|b Harvester Wheatsheaf,
|c 1993.
|
| 300 |
|
|
|a xiv, 528 pages :
|b illustrations ;
|c 24 cm.
|
| 504 |
|
|
|a Includes bibliographical references (pages 491-511).
|
| 541 |
1 |
|
|e 13975
|
| 650 |
|
0 |
|a Postmodernism.
|9 41232
|
| 700 |
1 |
0 |
|a Docherty, Thomas.
|9 41233
|
| 852 |
|
|
|a Ayesha Abed Library
|j General Stacks
|
| 942 |
0 |
0 |
|0 1
|2 ddc
|c BK
|
| 952 |
|
|
|0 0
|1 0
|2 ddc
|4 0
|6 149_970000000000000_POS_1993
|7 0
|9 78
|a BRACUL
|b BRACUL
|c GEN
|d 2009-04-28
|l 7
|m 34
|o 149.97 POS
|p 3010013975
|r 2025-01-06
|s 2024-11-20
|t 1
|w 2009-04-28
|y BK
|